DAI語で市町村(北海道) - Statistics

General Stats
  • This quiz has been taken 39 times
  • The average score is 103 of 185
Answer Stats
振興局名 DAI語 答え % Correct
オホーツク ABSR 網走市
95%
上川 AIBT 愛別町
95%
空知 ASBT 芦別市
95%
上川 ASHKW 旭川市
95%
十勝 ASyR 足寄町
95%
釧路 AtKS 厚岸町
95%
空知 BBI 美唄市
95%
上川 BEI 美瑛町
95%
上川 BHK 美深町
91%
石狩 EBT 江別市
91%
留萌 EnBT 遠別町
91%
オホーツク EnGR 遠軽町
91%
空知 AKBR 赤平市
86%
後志 AKIGW 赤井川村
86%
オホーツク BHR 美幌町
86%
石狩 ENW 恵庭市
86%
日高 ERM えりも町
86%
宗谷 ESS 枝幸町
86%
胆振 ABR 安平町
82%
檜山 AtSB 厚沢部町
82%
日高 BRTR 平取町
82%
根室 BTKI 別海町
82%
胆振 DT 伊達市
82%
日高 HDK 日高町
82%
空知 HKGW 深川市
82%
胆振 ATM 厚真町
77%
檜山 ESS 江差町
77%
留萌 HBR 羽幌町
77%
上川 HGSKGR 東神楽町
73%
上川 HGSKW 東川町
73%
渡島 HKDT 函館市
73%
空知 HKRyU 北竜町
73%
渡島 HKT 北斗市
73%
宗谷 HMTnBT 浜頓別町
73%
渡島 HKSM 福島町
68%
空知 IWMZW 岩見沢市
68%
後志 IWNI 岩内町
64%
石狩 KTHRSM 北広島市
64%
オホーツク KTM 北見市
64%
十勝 HnBT 本別町
59%
石狩 ISKR 石狩市
59%
上川 KMKW 上川町
59%
渡島 MR 森町
59%
渡島 OSyMnB 長万部町
59%
留萌 RMI 留萌市
59%
空知 URyU 雨竜町
59%
宗谷 WtKNI 稚内市
59%
釧路 HMNK 浜中町
55%
後志 HRBR 古平町
55%
宗谷 HRNB 幌延町
55%
十勝 IKD 池田町
55%
檜山 IMKN 今金町
55%
上川 KnBT 剣淵町
55%
オホーツク KnNtP 訓子府町
55%
釧路 KSR 釧路町
55%
十勝 MMR 芽室町
55%
オホーツク MnBT 紋別市
55%
胆振 MRRn 室蘭市
55%
胆振 NBRBT 登別市
55%
宗谷 NKTnBT 中頓別町
55%
根室 NMR 根室市
55%
後志 NSK ニセコ町
55%
上川 NYR 名寄市
55%
十勝 OBHR 帯広市
55%
オホーツク OKtP 興部町
55%
オホーツク OOZR 大空町
55%
後志 RnKS 蘭越町
55%
宗谷 RSR 利尻町
55%
宗谷 RSRHZ 利尻富士町
55%
後志 RST 留寿都村
55%
根室 RUS 羅臼町
55%
上川 SBT 士別市
55%
十勝 SMZ 清水町
55%
空知 StPR 札幌市
55%
後志 StT 寿都町
55%
後志 SyKTn 積丹町
55%
空知 UTSNI 歌志内市
55%
上川 WtSM 和寒町
55%
上川 HRKNI 幌加内町
50%
上川 HRN 富良野市
50%
十勝 HRO 広尾町
50%
渡島 KKNI 木古内町
50%
上川 KMHRN 上富良野町
50%
空知 KMSNGW 上砂川町
50%
空知 KRYM 栗山町
50%
オホーツク KSMZ 小清水町
50%
釧路 KSR 釧路市
50%
後志 KtTyn 倶知安町
50%
オホーツク KYST 清里町
50%
後志 KyUGK 京極町
50%
後志 KyUW 共和町
50%
胆振 MKW むかわ町
50%
上川 MNMHRN 南富良野町
50%
渡島 MTME 松前町
50%
上川 NKGW 中川町
50%
根室 NKSBT 中標津町
50%
空知 NMT 沼田町
50%
渡島 NNE 七飯町
50%
上川 OTINtP 音威子府村
50%
オホーツク OUM 雄武町
50%
上川 PtP 比布町
50%
宗谷 RBn 礼文町
50%
釧路 SBTy 標茶町
50%
上川 SMKW 下川町
50%
後志 SMMK 島牧村
50%
空知 SNGW 砂川市
50%
日高 SnHDK 新ひだか町
50%
十勝 SnTK 新得町
50%
空知 SnTTKW 新十津川町
50%
釧路 SRNK 白糠町
50%
渡島 SRUT 知内町
50%
胆振 TMKMI 苫小牧市
50%
留萌 TSO 天塩町
50%
宗谷 TYTM 豊富町
50%
十勝 URHR 浦幌町
50%
日高 URKW 浦河町
50%
空知 YUBR 夕張市
50%
オホーツク YUBT 湧別町
50%
後志 KMBT 喜茂別町
45%
後志 KMENI 神恵内村
45%
檜山 KMNKN 上ノ国町
45%
十勝 KMSHR 上士幌町
45%
後志 KRMTNI 黒松内町
45%
十勝 MKBT 幕別町
45%
空知 MKS 三笠市
45%
留萌 MSK 増毛町
45%
空知 MSUS 妹背牛町
45%
空知 NGNM 長沼町
45%
空知 NIE 奈井江町
45%
日高 NIKtP 新冠町
45%
胆振 NK 仁木町
45%
空知 NnPR 南幌町
45%
オホーツク NSOKtP 西興部村
45%
留萌 OBR 小平町
45%
檜山 OKSR 奥尻町
45%
檜山 OTB 乙部町
45%
十勝 OTHK 音更町
45%
後志 OTR 小樽市
45%
根室 RBT 留別村
45%
十勝 RKBT 陸別町
45%
根室 SBT 標津町
45%
十勝 SHR 士幌町
45%
十勝 SKOI 鹿追町
45%
上川 SMKtP 占冠村
45%
石狩 SnSNT 新篠津村
45%
宗谷 SRHT 猿払村
45%
胆振 SROI 白老町
45%
檜山 STN せたな町
45%
胆振 SUBT 壮瞥町
45%
オホーツク SyR 斜里町
45%
オホーツク TBT 津別町
45%
十勝 TIK 大樹町
45%
オホーツク TKNUE 滝上町
45%
根室 TMR 泊村
45%
空知 TtPBT 秩父別町
45%
石狩 TTS 千歳市
45%
石狩 TUBT 当別町
45%
渡島 YKM 八雲町
45%
後志 MtKR 真狩村
41%
十勝 NKSTNI 中札内村
41%
オホーツク OKT 置戸町
41%
根室 RYBT 留夜別村
41%
根室 SBTR 蘂取村
41%
渡島 SKB 鹿部町
41%
根室 SKTn 色丹村
41%
十勝 SRBT 更別村
41%
オホーツク SRM 佐呂間町
41%
留萌 SySnBT 初山別村
41%
空知 TKKW 滝川市
41%
留萌 TMME 苫前町
41%
後志 TMR 泊村
41%
釧路 TSKG 弟子屈町
41%
十勝 TYKR 豊頃町
41%
胆振 TYUR 豊浦町
41%
空知 URUS 浦臼町
41%
空知 YN 由仁町
41%
上川 NKHRN 中富良野町
36%
日高 SMN 様似町
36%
根室 SyN 紗那村
36%
空知 TKGT 月形町
36%
上川 TKS 鷹栖町
36%
釧路 TRI 鶴居村
36%
上川 TUM 当麻町
36%
胆振 TUYK 洞爺湖町
36%
後志 YIT 余市町
32%
No matching quizzes found
Score Distribution
Percent of People with Each Score
Percentile by Number Answered
Your Score History
You have not taken this quiz